000 00694nam a2200253Ia 4500
003 OSt
005 20220924122131.0
006 a|||||r|||| 00| 0
007 ta
008 220923b |||||||| |||| 00| 0 urd d
024 _a320600
037 _cTextual
040 _aARTS
_cARTS
_burd
041 _2urd
_aurd
082 _aQ60c7(Z1), 168N4
100 _aShah Sayed Zauqi Au.
_9188449
245 0 _aKutub samavi par ek nazar
260 _aLahore
_bIqbal academy India
_c1994
650 _a ISLAM
_9577
650 _a LAW
_97240
650 _aCHRISTIANITY
_940559
942 _hQ60c7(Z1), 168N4
_cTEXL
_2CC
999 _c410429
_d410429